[Event "4NCL 2014-15"]
[Site "Hinckley Island ENG"]
[Date "2015.03.29"]
[Round "8.136"]
[White "Hamitevici, Vladimir"]
[Black "Ledger, Dave J"]
[Result "1-0"]
[WhiteTitle "IM"]
[BlackTitle "FM"]
[WhiteElo "2446"]
[BlackElo "2268"]
[WhiteTeam "Cheddleton 1"]
[BlackTeam "Blackthorne Russia"]
[WhiteFideId "13902393"]
[BlackFideId "401986"]
[EventDate "2014.11.15"]

1. d4 Nf6 2. Nf3 g6 3. Nbd2 Bg7 4. e4 d6 5. Bd3 O-O 6. O-O Nc6 7. Re1 e5 8. c3
Nd7 9. Nb3 a5 10. a4 Ne7 11. Be3 h6 12. Qc2 exd4 13. cxd4 Nc6 14. Qd2 Nb4 15.
Bb1 Kh7 16. Nxa5 Rxa5 17. Qxb4 c5 18. Qd2 cxd4 19. Bxd4 Nf6 20. b4 Rh5 21. Qb2
Ne8 22. Ra3 Bh8 23. Bxh8 Rxh8 24. e5 dxe5 25. Nxe5 Be6 26. Rg3 Rg8 27. Qc3 Nc7
28. h3 Nd5 29. Qf3 Bf5 30. Qxh5 gxh5 31. Bxf5+ Kh8 32. Nxf7# 1-0

[Event "4NCL 2014-15"]
[Site "Hinckley Island ENG"]
[Date "2015.03.29"]
[Round "8.137"]
[White "Ledger, Stephen C"]
[Black "Kirk, Ezra"]
[Result "1-0"]
[WhiteElo "2079"]
[BlackElo "2344"]
[WhiteTeam "Blackthorne Russia"]
[BlackTeam "Cheddleton 1"]
[WhiteFideId "404470"]
[BlackFideId "600067"]
[EventDate "2014.11.15"]

1. d4 Nf6 2. Bg5 d5 3. Bxf6 exf6 4. e3 Bd6 5. c4 dxc4 6. Bxc4 O-O 7. Nc3 f5 8.
Nf3 Nd7 9. O-O Nf6 10. Qc2 c6 11. Rfd1 Qe7 12. Rac1 g6 13. g3 Bd7 14. a3 Kg7 15.
Bf1 Rfe8 16. Nd2 b5 17. Bg2 a5 18. a4 Ra7 19. d5 b4 20. dxc6 bxc3 21. cxd7 cxd2
22. dxe8=N+ Qxe8 23. Qxd2 Bb4 24. Qc2 Qe5 25. b3 Re7 26. Qc4 Qb8 27. Qd4 Rd7 28.
Qb2 Rxd1+ 29. Rxd1 Qf8 30. Qe5 Qc8 31. Qd4 Qc2 32. Qd3 Qc7 33. Qc4 Qe5 34. Qd4
Qc7 35. Bf3 g5 36. h3 Kg6 37. Qd3 h5 38. g4 Qe5 39. Qxf5+ Qxf5 40. gxf5+ Kxf5
41. Kg2 Ke5 42. Bc6 Bc3 43. Kg3 h4+ 44. Kf3 Kf5 45. Bb5 Kg6 46. Rc1 Bb4 47. Rc6
Kg7 48. Bc4 Ne8 49. Kg4 Be1 50. f3 f6 51. Kf5 Bb4 52. e4 Bc3 53. Rb6 Kh6 54. f4
gxf4 55. Kxf4 Kg6 56. Kg4 Be1 57. e5 Bg3 58. Bd3+ Kf7 59. Rb7+ Ke6 60. Bc4+ 1-0

[Event "4NCL 2014-15"]
[Site "Hinckley Island ENG"]
[Date "2015.03.29"]
[Round "8.138"]
[White "Steil-Antoni, Fiona"]
[Black "Atkins, Rita"]
[Result "1-0"]
[WhiteTitle "WIM"]
[BlackTitle "WIM"]
[WhiteElo "2095"]
[BlackElo "2130"]
[WhiteTeam "Cheddleton 1"]
[BlackTeam "Blackthorne Russia"]
[WhiteFideId "4001249"]
[BlackFideId "408050"]
[EventDate "2014.11.15"]

1. e4 d6 2. d4 Nf6 3. Nc3 c6 4. f4 Qa5 5. Bd3 e5 6. Nf3 Nbd7 7. O-O Be7 8. Be3
O-O 9. h3 Re8 10. Qd2 Qc7 11. Rae1 b5 12. Ne2 Bb7 13. Ng3 g6 14. c3 a6 15. Qf2
c5 16. fxe5 dxe5 17. d5 c4 18. Bc2 Kg7 19. Kh1 Bc5 20. Nh4 Bxe3 21. Qxe3 Qb6 22.
Qg5 Rg8 23. Rf3 Raf8 24. Nhf5+ Kh8 25. Nh6 Rg7 26. Ref1 Nxd5 27. Nxf7+ Rfxf7 28.
Rxf7 Rxf7 29. Rxf7 N5f6 30. Qh6 1-0

[Event "4NCL 2014-15"]
[Site "Hinckley Island ENG"]
[Date "2015.03.29"]
[Round "8.141"]
[White "Zhou, Yang-Fan"]
[Black "Jones, Gawain C B"]
[Result "0-1"]
[WhiteTitle "IM"]
[BlackTitle "GM"]
[WhiteElo "2461"]
[BlackElo "2671"]
[WhiteTeam "Guildford 2"]
[BlackTeam "Guildford 1"]
[WhiteFideId "468584"]
[BlackFideId "409561"]
[EventDate "2014.11.15"]

1. e4 e5 2. Nf3 Nc6 3. Bc4 Nf6 4. d3 h6 5. O-O Bc5 6. c3 d6 7. b4 Bb6 8. Nbd2
O-O 9. Bb3 Ne7 10. Nc4 Ng6 11. Re1 c6 12. Nxb6 axb6 13. d4 b5 14. h3 Qe7 15. a4
bxa4 16. Rxa4 Rxa4 17. Bxa4 Be6 18. Bb3 Bxb3 19. Qxb3 b5 20. c4 Qe6 21. dxe5
dxe5 22. Qc3 Qxc4 23. Qxc4 bxc4 24. Bb2 Rb8 25. Bxe5 Rxb4 26. Bc3 Ra4 27. Nd2
Nf4 28. Be5 c3 29. Bxc3 Ra2 30. f3 Nd7 31. Re3 Rc2 32. Ba5 Ne5 33. g3 Nxh3+ 34.
Kf1 g5 35. Bc3 Rc1+ 36. Kg2 Nf4+ 37. gxf4 gxf4 38. Re1 Rxe1 0-1

[Event "4NCL 2014-15"]
[Site "Hinckley Island ENG"]
[Date "2015.03.29"]
[Round "8.143"]
[White "Sarakauskas, Gediminas"]
[Black "Short, Nigel D"]
[Result "0-1"]
[WhiteTitle "IM"]
[BlackTitle "GM"]
[WhiteElo "2396"]
[BlackElo "2660"]
[WhiteTeam "Guildford 2"]
[BlackTeam "Guildford 1"]
[WhiteFideId "12800724"]
[BlackFideId "400025"]
[EventDate "2014.11.15"]

1. e4 e6 2. d4 d5 3. Nd2 h6 4. Ngf3 Nf6 5. Bd3 c5 6. exd5 exd5 7. O-O c4 8. Re1+
Be7 9. Bf1 Nc6 10. c3 Bg4 11. Qc2 O-O 12. Ne5 Nxe5 13. dxe5 Nd7 14. h3 Bh5 15.
Qf5 g6 16. Qf4 g5 17. Qe3 Bc5 18. Qg3 f5 19. exf6 Qxf6 20. Nf3 Bd6 21. Bxg5 hxg5
22. Qxg5+ Qxg5 23. Nxg5 Bc5 24. Nf3 Bxf3 25. gxf3 Rxf3 26. Bg2 Rf5 0-1

[Event "4NCL 2014-15"]
[Site "Hinckley Island ENG"]
[Date "2015.03.29"]
[Round "8.144"]
[White "Pert, Nicholas"]
[Black "Ciuksyte, Dagne"]
[Result "1/2-1/2"]
[WhiteTitle "GM"]
[BlackTitle "IM"]
[WhiteElo "2562"]
[BlackElo "2340"]
[WhiteTeam "Guildford 1"]
[BlackTeam "Guildford 1"]
[WhiteFideId "403989"]
[BlackFideId "12800619"]
[EventDate "2014.11.15"]

1. d4 Nf6 2. Nf3 e6 3. c4 Bb4+ 4. Nbd2 O-O 5. a3 Bxd2+ 6. Bxd2 Ne4 7. g3 a5 8.
Bg2 d6 9. O-O f5 10. Bf4 Nd7 11. Nd2 Nxd2 12. Bxd2 Nf6 13. Rc1 Qe8 14. c5 Qb5
15. Bf4 Rd8 16. Qc2 a4 17. cxd6 cxd6 18. Qc7 Bd7 19. Qxb7 Rab8 20. Qxb5 Bxb5 21.
Rfe1 Nd5 22. Bd2 Ba6 23. Rc6 Bb5 24. Rc2 Rdc8 25. Rxc8+ Rxc8 26. e4 fxe4 27.
Bxe4 Nf6 28. Bf3 Kf7 29. Bd1 Bc6 30. Kf1 Rb8 31. Bc1 Nd5 32. Ke2 Bb5+ 33. Kd2
Bd7 34. Bc2 g6 35. h4 Nb6 36. b3 Rc8 37. Re3 axb3 38. Rxb3 Nc4+ 39. Kd1 Ra8 40.
Rb7 Ke8 41. h5 Na5 42. Rc7 Kd8 43. Rc3 gxh5 44. Bg5+ Ke8 45. Bxh7 Ba4+ 46. Ke1
Nc6 47. d5 exd5 48. f4 d4 49. Rc1 Bb5 50. Rb1 Ra5 51. Bg6+ Kd7 52. Bxh5 Bc4 53.
Bg4+ Kc7 54. Rc1 Bd5 55. Ra1 Rb5 56. Bd1 Rb2 57. Rc1 Rg2 58. g4 Kb6 59. Rc2 Rg1+
60. Kd2 d3 61. Rc3 Be4 62. f5 Rg2+ 63. Ke3 d5 64. Rb3+ Kc5 65. f6 Ne5 66. Rc3+
Kd6 67. Bf4 Ke6 68. g5 Bg6 69. Rc7 Kf5 70. Re7 d4+ 71. Kxd4 Nc6+ 72. Ke3 Nxe7
73. fxe7 Rg1 74. Ba4 Re1+ 75. Kd2 Rxe7 76. Be3 Ke5 77. Bb3 Rh7 78. a4 Ke4 79.
Bb6 Rh2+ 80. Kc3 d2 81. Bd1 Bh5 82. Bb3 1/2-1/2

[Event "4NCL 2014-15"]
[Site "Hinckley Island ENG"]
[Date "2015.03.29"]
[Round "8.145"]
[White "Wadsworth, Matthew J"]
[Black "Suarez Real, Alberto"]
[Result "0-1"]
[BlackTitle "IM"]
[WhiteElo "2064"]
[BlackElo "2403"]
[WhiteTeam "Guildford 2"]
[BlackTeam "Guildford 1"]
[WhiteFideId "415804"]
[BlackFideId "2218534"]
[EventDate "2014.11.15"]

1. c4 g6 2. g3 Bg7 3. Bg2 Nf6 4. Nc3 O-O 5. d3 c5 6. Nf3 d5 7. cxd5 Nxd5 8. Nxd5
Qxd5 9. O-O Nc6 10. Nd2 Qd7 11. Rb1 b6 12. Ne4 Rd8 13. Be3 Rb8 14. Qd2 Bb7 15.
Rfd1 Rbc8 16. Bh6 Bh8 17. h4 Nd4 18. Nc3 Bxg2 19. Kxg2 Qg4 20. f3 Qe6 21. e4 Rd7
22. Qf2 Rcd8 23. Rd2 Nc6 24. Rbd1 Nb4 25. Qf1 Nxa2 26. Nd5 Nb4 27. Nc3 Qb3 28.
h5 c4 29. hxg6 hxg6 30. Be3 Rxd3 31. Nd5 Nxd5 0-1

[Event "4NCL 2014-15"]
[Site "Hinckley Island ENG"]
[Date "2015.03.29"]
[Round "8.146"]
[White "Hebden, Mark L"]
[Black "Wall, Gavin"]
[Result "1-0"]
[WhiteTitle "GM"]
[BlackTitle "IM"]
[WhiteElo "2498"]
[BlackElo "2321"]
[WhiteTeam "Guildford 2"]
[BlackTeam "Guildford 2"]
[WhiteFideId "400084"]
[BlackFideId "2501244"]
[EventDate "2014.11.15"]

1. d4 f5 2. Nf3 Nf6 3. g3 g6 4. Bg2 Bg7 5. O-O O-O 6. c4 d6 7. Nc3 c6 8. Rb1 Ne4
9. Qc2 a5 10. Rd1 Na6 11. a3 Nc7 12. Na4 Ra6 13. c5 Nd5 14. Ng5 Nxg5 15. Bxg5 h6
16. Bd2 Be6 17. cxd6 exd6 18. Nc3 Nc7 19. b4 axb4 20. axb4 Bc4 21. d5 Nxd5 22.
Nxd5 cxd5 23. Bc3 Qc8 24. Bxg7 Kxg7 25. Bxd5 Bxd5 26. Qb2+ Kh7 27. Rxd5 Qc4 28.
Rd4 Qe6 29. Qd2 f4 30. Rxf4 Ra2 31. Re4 Qxe4 32. Qxa2 Rc8 33. Qf7+ Kh8 34. Qf6+
Kh7 35. Ra1 h5 36. Qxd6 Rc4 37. Qd7+ Kh6 38. Qd2+ Kh7 39. b5 h4 40. Rd1 Rc2 41.
Qd8 Rxe2 42. Rd7+ Kh6 43. Qf8+ Kg5 44. Rd5+ Kg4 45. f3+ 1-0

[Event "4NCL 2014-15"]
[Site "Hinckley Island ENG"]
[Date "2015.03.29"]
[Round "8.147"]
[White "Buckley, Graeme N"]
[Black "Flear, Glenn C"]
[Result "0-1"]
[WhiteTitle "IM"]
[BlackTitle "GM"]
[WhiteElo "2345"]
[BlackElo "2460"]
[WhiteTeam "Guildford 2"]
[BlackTeam "Guildford 1"]
[WhiteFideId "402265"]
[BlackFideId "400165"]
[EventDate "2014.11.15"]

1. d4 d5 2. c4 e6 3. Nf3 Nf6 4. Nc3 c6 5. e3 Nbd7 6. Qc2 b6 7. Be2 Bb7 8. O-O
Be7 9. b3 O-O 10. Bb2 Rc8 11. Rac1 dxc4 12. bxc4 c5 13. Qb3 cxd4 14. exd4 Qc7
15. h3 a6 16. Rfe1 Rfd8 17. Na4 Bc6 18. Bf1 Qb7 19. d5 Bxa4 20. Qxa4 Nc5 21. Qc2
exd5 22. Qf5 Qd7 23. Nd4 Bf8 24. Qf3 Nce4 25. Rcd1 dxc4 26. Rxe4 Nxe4 27. Qxe4
Qa4 28. Be2 c3 29. Bc1 Bc5 30. Be3 Bxd4 31. Rxd4 Rxd4 32. Bxd4 c2 0-1

[Event "4NCL 2014-15"]
[Site "Hinckley Island ENG"]
[Date "2015.03.29"]
[Round "8.148"]
[White "Milliet, Sophie"]
[Black "Sarakauskiene, Zivile"]
[Result "0-1"]
[WhiteTitle "IM"]
[BlackTitle "WIM"]
[WhiteElo "2390"]
[BlackElo "2152"]
[WhiteTeam "Guildford 2"]
[BlackTeam "Guildford 2"]
[WhiteFideId "623725"]
[BlackFideId "12800864"]
[EventDate "2014.11.15"]

1. e4 c5 2. Nf3 e6 3. d4 cxd4 4. Nxd4 a6 5. c4 Nf6 6. Nc3 Qc7 7. a3 d6 8. Be2
Be7 9. Be3 Nbd7 10. O-O O-O 11. Rc1 b6 12. f3 Bb7 13. b4 Rac8 14. Kh1 Rfe8 15.
Qd2 Qb8 16. Rfd1 Bd8 17. Na4 Bc7 18. Rc2 g6 19. Bg1 Qa8 20. Bf1 Kg7 21. Nb3 h5
22. c5 bxc5 23. bxc5 d5 24. Rdc1 Bc6 25. Nc3 dxe4 26. fxe4 Red8 27. Qe2 Nxe4 28.
Nd4 Nxc3 29. Rxc3 Be4 30. c6 Nf6 31. Nf3 e5 32. Qxa6 Qxa6 33. Bxa6 Ra8 34. Bb7
Ra5 35. Rb3 Nd5 36. Re1 Bxf3 37. Rxf3 f5 38. Rb3 Kf6 39. Rd1 Ke6 40. Bf2 Rd6 41.
Bc8+ Kf6 42. Bd7 Ne7 43. Rxd6+ Bxd6 44. Bb6 Rd5 45. Kg1 e4 46. a4 Rd1+ 47. Kf2
Nd5 48. a5 Rd2+ 49. Kf1 Ra2 50. Rb1 e3 51. Bd4+ Ke7 52. Ra1 Rf2+ 53. Kg1 Rd2 54.
Bb6 Nxb6 55. axb6 Bc5 56. Kf1 Rf2+ 57. Ke1 Bb4+ 58. Kd1 e2+ 0-1

[Event "4NCL 2014-15"]
[Site "Hinckley Island ENG"]
[Date "2015.03.29"]
[Round "8.151"]
[White "Fodor, Tamas Jr."]
[Black "Aagaard, Jacob"]
[Result "1/2-1/2"]
[WhiteTitle "GM"]
[BlackTitle "GM"]
[WhiteElo "2486"]
[BlackElo "2525"]
[WhiteTeam "Hackney 1"]
[BlackTeam "Wood Green HK"]
[WhiteFideId "723762"]
[BlackFideId "1401815"]
[EventDate "2014.11.15"]

1. d4 Nf6 2. c4 e6 3. Nc3 Bb4 4. Qc2 O-O 5. a3 Bxc3+ 6. Qxc3 d6 7. g3 e5 8. dxe5
dxe5 9. Bg2 Qe7 10. b4 a5 11. Bb2 axb4 12. axb4 Rxa1+ 13. Bxa1 Nc6 14. Bxc6 bxc6 1/2-1/2

[Event "4NCL 2014-15"]
[Site "Hinckley Island ENG"]
[Date "2015.03.29"]
[Round "8.152"]
[White "Speelman, Jon S"]
[Black "Suarez Garcia, Carlos"]
[Result "1/2-1/2"]
[WhiteTitle "GM"]
[BlackTitle "FM"]
[WhiteElo "2501"]
[BlackElo "2376"]
[WhiteTeam "Wood Green HK"]
[BlackTeam "Hackney 1"]
[WhiteFideId "400033"]
[BlackFideId "22230858"]
[EventDate "2014.11.15"]

1. Nf3 d5 2. g3 c6 3. Bg2 Nf6 4. O-O Bg4 5. d4 e6 6. Nbd2 Nbd7 7. Re1 Be7 8. e4
dxe4 9. Nxe4 Nxe4 10. Rxe4 Bf5 11. Re1 O-O 12. c4 Qb6 13. h3 Rfe8 14. Qe2 a5 15.
Be3 Qa6 16. Red1 a4 17. Rac1 Rad8 18. Bf4 h6 19. Bd2 Nf6 20. Qe1 Be4 21. Ba5
Bxf3 22. Bxf3 Rd7 23. Kg2 Ra8 24. Bc3 Rad8 25. Qe2 Nh7 26. h4 Bf6 27. Qe3 Qa7
28. d5 Qxe3 29. fxe3 cxd5 30. cxd5 Bxc3 31. Rxc3 Nf6 32. dxe6 Rd2+ 33. Rxd2
Rxd2+ 34. Kf1 fxe6 35. Rc4 Rxb2 1/2-1/2

[Event "4NCL 2014-15"]
[Site "Hinckley Island ENG"]
[Date "2015.03.29"]
[Round "8.153"]
[White "Cenal Gutierrez, Ruben"]
[Black "Vakhidov, Jahongir"]
[Result "0-1"]
[WhiteTitle "FM"]
[BlackTitle "GM"]
[WhiteElo "2216"]
[BlackElo "2508"]
[WhiteTeam "Hackney 1"]
[BlackTeam "Wood Green HK"]
[WhiteFideId "2211750"]
[BlackFideId "14201801"]
[EventDate "2014.11.15"]

1. d4 g6 2. Nf3 Bg7 3. e4 d6 4. Be2 Bg4 5. O-O Nc6 6. Be3 Nf6 7. Nbd2 O-O 8. d5
Nb8 9. c4 c5 10. Ne1 Bxe2 11. Qxe2 Qc8 12. h3 e6 13. Nd3 exd5 14. exd5 Nbd7 15.
Bf4 Re8 16. Qf3 Ne5 17. Bxe5 dxe5 18. Rfe1 Nd7 19. Ne4 Rf8 20. Qe3 b6 21. Kh1
Qb8 22. Rab1 h6 23. f3 f5 24. Nd2 a5 25. a3 Qd6 26. b3 Kh7 27. Nb2 Rae8 28. Na4
Nf6 29. b4 e4 30. bxc5 bxc5 31. Rb6 Qg3 32. fxe4 Qxe3 33. Rxe3 Nxe4 34. Nxe4
fxe4 35. Re6 Rf1+ 36. Kh2 Be5+ 37. Rxe5 Rxe5 38. Nxc5 Kg7 39. Kg3 Rc1 40. Nd7
Rg5+ 41. Kf4 Rxc4 42. g4 Rxd5 43. Nb6 g5+ 44. Kg3 Rdc5 45. Nxc4 Rxc4 46. Rb3 a4
47. Rb6 Rc3+ 48. Kg2 Rxa3 49. Re6 Re3 50. Kf2 Rxh3 51. Rxe4 a3 52. Kg2 Rb3 53.
Ra4 Kf6 54. Ra5 Ke6 55. Ra6+ Kd5 56. Rxh6 Kc4 57. Rh5 a2 0-1

[Event "4NCL 2014-15"]
[Site "Hinckley Island ENG"]
[Date "2015.03.29"]
[Round "8.154"]
[White "Greet, Andrew N"]
[Black "Lyell, Mark"]
[Result "1-0"]
[WhiteTitle "IM"]
[BlackTitle "FM"]
[WhiteElo "2454"]
[BlackElo "2256"]
[WhiteTeam "Wood Green HK"]
[BlackTeam "Hackney 1"]
[WhiteFideId "405817"]
[BlackFideId "402354"]
[EventDate "2014.11.15"]

1. d4 f5 2. g3 Nf6 3. Bg2 g6 4. Nf3 Bg7 5. O-O O-O 6. b3 d6 7. Bb2 e6 8. c4 Qe7
9. Qc2 Nc6 10. Nc3 e5 11. Nd5 Nxd5 12. cxd5 Nxd4 13. Nxd4 exd4 14. Rad1 f4 15.
Bxd4 Bf5 16. Qc4 Bxd4 17. Rxd4 fxg3 18. hxg3 Rae8 19. Bf3 Qe5 20. Rc1 h5 21. Qc3
Re7 22. Rc4 Qxc3 23. R1xc3 Rff7 24. e4 Bh3 25. Be2 a5 26. f3 Kg7 27. Kf2 Kf8 28.
Ke3 g5 29. Rc1 Bc8 30. Rh1 Rh7 31. Rc2 h4 32. gxh4 Rxh4 33. Rg1 Rg7 34. Bd1 Ke8
35. Rcg2 Rh5 36. Kd4 c5+ 37. Kc4 Bd7 38. a4 b6 39. f4 Rh4 40. Bg4 Bxg4 41. Rxg4
Re7 42. fxg5 Rxe4+ 43. Rxe4+ Rxe4+ 44. Kb5 Kd7 45. g6 Kc7 46. Ka6 Re8 47. Rf1 1-0

[Event "4NCL 2014-15"]
[Site "Hinckley Island ENG"]
[Date "2015.03.29"]
[Round "8.155"]
[White "Eames, Robert S"]
[Black "Shaw, John"]
[Result "1-0"]
[WhiteTitle "FM"]
[BlackTitle "GM"]
[WhiteElo "2237"]
[BlackElo "2430"]
[WhiteTeam "Hackney 1"]
[BlackTeam "Wood Green HK"]
[WhiteFideId "408743"]
[BlackFideId "2400553"]
[EventDate "2014.11.15"]

1. e4 c5 2. Nf3 e6 3. d4 cxd4 4. Nxd4 Nf6 5. Nc3 Nc6 6. Ndb5 Bc5 7. Nd6+ Ke7 8.
Nxc8+ Rxc8 9. Bd3 a6 10. O-O Ne5 11. Bg5 h6 12. Bh4 d6 13. Kh1 g5 14. Bg3 Nfd7
15. f4 gxf4 16. Rxf4 Ng6 17. Rf1 Nde5 18. Qh5 Kd7 19. h4 Qe7 20. Rad1 Kc7 21.
Na4 Ba7 22. c4 Kb8 23. b4 Qe8 24. b5 Nxc4 25. Bxc4 Rxc4 26. Rxd6 Ka8 27. Nb6+
Bxb6 28. Rxb6 Qd8 29. Rd6 Qe7 30. bxa6 e5 31. axb7+ Qxb7 32. Qd1 Qxe4 33. Rxf7
Nxh4 34. Ra6+ Kb8 35. Qd6+ Kc8 36. Qd7+ Kb8 37. Rb6+ 1-0

[Event "4NCL 2014-15"]
[Site "Hinckley Island ENG"]
[Date "2015.03.29"]
[Round "8.156"]
[White "McDonald, Neil"]
[Black "Eden, Tomer"]
[Result "1-0"]
[WhiteTitle "GM"]
[WhiteElo "2415"]
[BlackElo "2175"]
[WhiteTeam "Wood Green HK"]
[BlackTeam "Hackney 1"]
[WhiteFideId "400629"]
[BlackFideId "2808439"]
[EventDate "2014.11.15"]

1. e4 c6 2. d4 d5 3. Nd2 dxe4 4. Nxe4 Bf5 5. Ng3 Bg6 6. h4 h6 7. Nf3 Nd7 8. h5
Bh7 9. Bd3 Bxd3 10. Qxd3 e6 11. Bd2 Ngf6 12. O-O-O Be7 13. Qe2 O-O 14. Nf1 c5
15. g4 cxd4 16. g5 hxg5 17. Bxg5 Qa5 18. Kb1 d3 19. cxd3 Rac8 20. Ne3 Rc6 21.
Nc4 Qf5 22. Ka1 Ra6 23. Rhg1 Kh8 24. Nce5 Bd6 25. d4 Nd5 26. Nh4 Qh7 27. Nhg6+ 1-0

[Event "4NCL 2014-15"]
[Site "Hinckley Island ENG"]
[Date "2015.03.29"]
[Round "8.157"]
[White "Holes, Michal"]
[Black "Arvola, Benjamin"]
[Result "0-1"]
[BlackTitle "FM"]
[WhiteElo "2041"]
[BlackElo "2314"]
[WhiteTeam "Hackney 1"]
[BlackTeam "Wood Green HK"]
[WhiteFideId "329142"]
[BlackFideId "1506536"]
[EventDate "2014.11.15"]

1. e4 e5 2. Nf3 Nc6 3. Bc4 Nf6 4. Ng5 d5 5. exd5 Na5 6. Bb5+ c6 7. dxc6 bxc6 8.
Bd3 Nd5 9. Ne4 f5 10. Nec3 Nf4 11. Bf1 c5 12. g3 Bb7 13. Bb5+ Kf7 14. gxf4 Bxh1
15. fxe5 Qg5 16. Qe2 Qg1+ 17. Qf1 Qxh2 18. e6+ Kf6 19. d3 Bd6 20. Kd1 Bf3+ 21.
Ne2 Nc6 22. Be3 Rab8 23. Ba4 Rb4 24. Bxc6 Bxc6 25. Na3 Rg4 26. Nc4 Bf3 27. Kd2
Rxc4 28. dxc4 f4 29. Rd1 Bg2 0-1

[Event "4NCL 2014-15"]
[Site "Hinckley Island ENG"]
[Date "2015.03.29"]
[Round "8.158"]
[White "Hegarty, Sarah N"]
[Black "Yurenok, Maria S"]
[Result "1/2-1/2"]
[WhiteTitle "WFM"]
[BlackTitle "WFM"]
[WhiteElo "2078"]
[BlackElo "2017"]
[WhiteTeam "Wood Green HK"]
[BlackTeam "Hackney 1"]
[WhiteFideId "2501465"]
[BlackFideId "409359"]
[EventDate "2014.11.15"]

1. e4 c5 2. Nf3 e6 3. d4 cxd4 4. Nxd4 Nc6 5. Nxc6 bxc6 6. Bd3 Nf6 7. O-O d5 8.
Nd2 Be7 9. c4 O-O 10. b3 Bb7 11. Qe2 dxe4 12. Nxe4 c5 13. Bb2 Nxe4 14. Bxe4 Bxe4
15. Qxe4 Qd2 16. Rab1 Rad8 17. Qg4 Qg5 18. Qxg5 Bxg5 19. Ba3 Be7 20. Rfd1 f6 21.
Kf1 Kf7 22. Ke2 h5 23. Bc1 Rxd1 24. Kxd1 Rd8+ 25. Ke2 g5 26. Be3 Rd7 27. a3 Rb7
28. Kd3 f5 29. f4 gxf4 30. Bxf4 Kf6 31. g3 e5 32. Be3 Ke6 33. Kc3 a5 34. Kc2 Rd7
35. Bd2 Bd8 36. Bc3 Bc7 37. Ra1 e4 38. b4 cxb4 39. axb4 axb4 40. Bxb4 h4 41.
Ra6+ Kf7 42. Bc3 1/2-1/2

[Event "4NCL 2014-15"]
[Site "Hinckley Island ENG"]
[Date "2015.03.29"]
[Round "8.161"]
[White "Conquest, Stuart C"]
[Black "Cobb, James"]
[Result "1-0"]
[WhiteTitle "GM"]
[BlackTitle "IM"]
[WhiteElo "2491"]
[BlackElo "2423"]
[WhiteTeam "e2e4.org.uk 1"]
[BlackTeam "South Wales Dragons"]
[WhiteFideId "400181"]
[BlackFideId "1800949"]
[EventDate "2014.11.15"]

1. d4 Nf6 2. c4 e6 3. Nf3 b6 4. Nc3 Bb4 5. Qc2 Bb7 6. a3 Bxc3+ 7. Qxc3 d6 8. b3
Nbd7 9. Bb2 O-O 10. e3 Ne4 11. Qc2 f5 12. Bd3 Qe8 13. h3 a5 14. Qe2 e5 15. dxe5
dxe5 16. Bc2 Nd6 17. a4 Ne4 18. O-O-O Nec5 19. g4 Be4 20. gxf5 Rxf5 21. Nh4 Rf7
22. Rhg1 Qe7 23. Rg4 Nf6 24. Bxe4 Nfxe4 25. f3 Nxb3+ 26. Kc2 Nec5 27. Rd5 Qe8
28. Rxe5 Qxa4 29. Kb1 Qb4 30. Nf5 a4 31. Nxg7 Rxg7 32. Rxg7+ Kxg7 33. Rxc5+ Kf8
34. Rf5+ Ke8 35. Qd3 Nd2+ 36. Ka1 Ra5 37. Ba3 Qxc4 38. Rf8# 1-0

[Event "4NCL 2014-15"]
[Site "Hinckley Island ENG"]
[Date "2015.03.29"]
[Round "8.162"]
[White "Cooper, John G"]
[Black "Longson, Alexander"]
[Result "1-0"]
[WhiteTitle "IM"]
[BlackTitle "FM"]
[WhiteElo "2339"]
[BlackElo "2339"]
[WhiteTeam "South Wales Dragons"]
[BlackTeam "e2e4.org.uk 1"]
[WhiteFideId "1800027"]
[BlackFideId "408093"]
[EventDate "2014.11.15"]

1. Nf3 d5 2. g3 Bg4 3. Bg2 Nd7 4. c4 e6 5. cxd5 exd5 6. O-O Ngf6 7. Nc3 Be7 8.
d3 O-O 9. h3 Bxf3 10. Bxf3 c6 11. Bg2 Re8 12. Qc2 d4 13. Ne4 Nxe4 14. dxe4 Qb6
15. Bf4 Rad8 16. Rad1 Bf6 17. Bc1 Ne5 18. Kh2 Qa6 19. b3 d3 20. exd3 Nxd3 21.
Be3 Nb4 22. Qc5 Nxa2 23. e5 Rxd1 24. Rxd1 Bd8 25. e6 fxe6 26. Rd7 Qa5 27. Rxb7
Qxc5 28. Bxc5 Bb6 29. Bxc6 Rd8 30. Bxb6 axb6 31. Rxb6 Rd2 32. Kg2 Nc1 33. Be4
Rb2 34. Rxe6 Rxb3 35. Bd5 Rb5 36. Re8# 1-0

[Event "4NCL 2014-15"]
[Site "Hinckley Island ENG"]
[Date "2015.03.29"]
[Round "8.163"]
[White "Sowray, Peter J"]
[Black "Dineley, Richard"]
[Result "1/2-1/2"]
[WhiteTitle "FM"]
[WhiteElo "2308"]
[BlackElo "2253"]
[WhiteTeam "e2e4.org.uk 1"]
[BlackTeam "South Wales Dragons"]
[WhiteFideId "400971"]
[BlackFideId "1800680"]
[EventDate "2014.11.15"]

1. d4 Nf6 2. c4 e6 3. Nc3 Bb4 4. e3 O-O 5. Ne2 d5 6. a3 Be7 7. cxd5 exd5 8. Nf4
c6 9. Bd3 Na6 10. O-O Nc7 11. Bd2 Ne6 12. Nce2 Bd6 13. Bb4 Nxf4 14. Nxf4 Bxb4
15. axb4 Bg4 16. Qc2 a6 17. Rfc1 Qd6 18. Qc5 Rad8 19. Bf1 Bc8 20. Nd3 Ne4 21.
Qc2 Qf6 22. Ne5 Nd6 23. Bd3 Bf5 24. b3 Bxd3 25. Qxd3 Qe7 26. Qc2 Nb5 27. Qc5 Rd6
28. Re1 Rfd8 29. Rac1 f6 30. Nd3 Re8 31. h3 Rd7 32. Qc2 Nd6 33. Nc5 Rdd8 34.
Rcd1 Qf7 35. f3 Re7 36. Re2 Rde8 37. Rde1 f5 38. Nd3 Qf6 39. Qd2 Kh8 40. Rf2 Rf8
41. Ne5 g5 42. g4 f4 43. exf4 gxf4 44. Rfe2 Rfe8 45. Kh2 Kg7 1/2-1/2